00374nam a22001457a 4500003000400000008004100004020001800045082001200063100001600075245005900091250001300150260004200163300001100205650001200216OSt240329b |||||||| |||| 00| 0 eng d a9788173717321 a425 UPK aUPENDRAN, S aKnow Your English, Vol.4: Vocabulary and Pronunciation aIst. ed. aTelangana bUniversities Press c2018 a474 p. aEnglish